Faculty of Law Library — Cairo University

Official Online Catalog

الموسوعة العملية فى البطلان فى ضوء الفقه وقضاء النقض. (Record no. 73348)

MARC details
000 -LEADER
fixed length control field 02327nam a2200301 i 4500
003 - CONTROL NUMBER IDENTIFIER
control field EG-GICUC
005 - DATE AND TIME OF LATEST TRANSACTION
control field 20260425183817.0
008 - FIXED-LENGTH DATA ELEMENTS--GENERAL INFORMATION
fixed length control field 260425s2005 ua |||fr|||| 00| 0 Ara d
040 ## - CATALOGING SOURCE
Original cataloging agency EG-GICUC
Language of cataloging ara
Transcribing agency EG-GICUC
Modifying agency EG-GICUC
Description conventions rda
041 0# - LANGUAGE CODE
Language code of text/sound track or separate title Ara
082 04 - DEWEY DECIMAL CLASSIFICATION NUMBER
Edition number 21
Classification number 343.3754
Item number ع ب . م
092 04 - LOCALLY ASSIGNED DEWEY CALL NUMBER (OCLC)
Edition number 21
099 ## - LOCAL FREE-TEXT CALL NUMBER (OCLC)
Classification number Law1 10 343.3754 ع ب . م 2005
100 0# - MAIN ENTRY--PERSONAL NAME
Personal name عبدالحكم فودة
Relator term مؤلف.
245 12 - TITLE STATEMENT
Title الموسوعة العملية فى البطلان فى ضوء الفقه وقضاء النقض.
Number of part/section of a work المجلد الثالث،
Name of part/section of a work بطلان القبض على المتهم،
-- مرحلة جمع الاستدلالات . الضبطية الإدارية والضبطية القضائية . حجية محاضر جمع الإستدلالات السلطة المختصة بجمع الإستدلالات حالات التلبس - سلطات مأمور القبض القضائي في حالات التلبس . القبض على المتهم في حالات التلبس . المقصود بالقبض - القبض والإستيقاف . القبض وعدم التحرك - القبض والتحفظ - القبض والاعتقال - القبض والمراقبة . تنفيذ أمر القبض . التصف في تنفيذ أمر القبض . ضمانات الأفراد عند القبض عليهم . شكل أمر القبض - القبض بموجب أمر القبض بدون أمر بطلان القبض . البطلان المطلق والبطلان النسبي - البطلان والإنعدام . جرائم القبض بدون وجه حق - مقاومة القبض . تعذيب المتهم لحمله على الإعتراف استعمال القسوة /
Statement of responsibility, etc. تأليف الدكتور عبدالحكم فودة.
264 #1 - PRODUCTION, PUBLICATION, DISTRIBUTION, MANUFACTURE, AND COPYRIGHT NOTICE
Place of production, publication, distribution, manufacture القاهرة :
-- الإسكندية :
Name of producer, publisher, distributor, manufacturer المكتب الفنى للموسوعات القانونية،
Date of production, publication, distribution, manufacture, or copyright notice 2005.
300 ## - PHYSICAL DESCRIPTION
Extent 615 ؛صفحة
Dimensions 24 سم.
336 ## - CONTENT TYPE
Source rda content
Content type term text
337 ## - MEDIA TYPE
Source rda media
Media type term Computer
338 ## - CARRIER TYPE
Source rda carrier
Carrier type term Online Resource
546 ## - LANGUAGE NOTE
Language note النص باللغة العربية
650 1# - SUBJECT ADDED ENTRY--TOPICAL TERM
Topical term or geographic name entry element الإجراءات أمام محكمة النقض
Source of heading or term qrmak
650 1# - SUBJECT ADDED ENTRY--TOPICAL TERM
Topical term or geographic name entry element القانون الجنائى
Source of heading or term qrmak
651 1# - SUBJECT ADDED ENTRY--GEOGRAPHIC NAME
Source of heading or term qrmak
856 40 - ELECTRONIC LOCATION AND ACCESS
Uniform Resource Identifier <a href="https://fll.law.cu.edu.eg/fulltext/bks/B10-10705.pdf">https://fll.law.cu.edu.eg/fulltext/bks/B10-10705.pdf</a>
905 ## - Cataloger and Reviser Names
Cataloger Name: Yasmin Sayed
942 ## - ADDED ENTRY ELEMENTS (KOHA)
Source of classification or shelving scheme Dewey Decimal Classification
Koha item type Books
Edition 21
Suppress in OPAC No
Holdings
Withdrawn status Lost status Source of classification or shelving scheme Damaged status Not for loan Collection Home library Current library Date acquired Total checkouts Full call number Barcode Date last seen Copy number Price effective from Koha item type
    Dewey Decimal Classification   Not for loan القانون الجنائي جــــامعة القــاهرة مكتبة كلية الحقوق - المبنى الرئيسي 25.04.2026   Law1 10 343.3754 ع ب . م 2005 1010705 V3, C1 B10-10705 25.04.2026 1 25.04.2026 Books

© All rights reserved — Faculty of Law, Cairo University